| 000 | 00705nam a22002055i 4500 | ||
|---|---|---|---|
| 001 | 167908 | ||
| 003 | ES-MaACL | ||
| 005 | 20240516063105.0 | ||
| 008 | 051004q18501950xxk | |||||||| ||eng d | ||
| 040 |
_aCAM _bspa _cCAM |
||
| 100 | 0 |
_aWells, H. G., _d1866-1946 _9116458 |
|
| 245 | 1 | 4 |
_aThe first men in the moon / _cH-G. Wells. |
| 260 |
_a[London] : _bThomas Nelson and Sons, _c[s.a.] |
||
| 300 |
_a288 p. ; _c17 cm. |
||
| 596 | _aImpreso probablemente a finales del S. XIX, principios del S. XX. | ||
| 710 | 2 |
_aThomas Nelson and Sons, _eed. _9134972 |
|
| 752 |
_aGran BretaƱa - _dLondres |
||
| 852 |
_aES-MaACL _jG-2083 _z-- Enc. editorial en tela roja |
||
| 999 |
_c167908 _d167908 |
||